000 00679nam a2200229 4500
003 DO-SdBNP
005 20171123160210.0
008 161115b 1978 sp a || 00| 0 spa d
020 _a8424311574
040 _aBPMSU
_bspa
_cBPMSU
082 _axxxxx
_bxxxxx
100 _aGrange, Francois de la
245 _aLas aves y sus secretos /
_cFrancois de la Grange, Antoine Reille ; ilustración Henri Mercier
260 _aBilboa :
_bFher,
_c1976.
300 _a79 p. :
_bil. ;
_c27 cm.
700 1 _aAntoine Reille
700 1 _aMercier, Henri,
_eil.
700 _aIlustrador Henri Mercier
942 _2ddc
_cBK
945 _aInventario extranjero / 2017 DG
956 _aDGARCIA
_b10
999 _c11950
_d11950